01215cam a22002651 4500001001300000003000400013005001700017008004100034010001700075035001900092040005900111042001200170050002300182051002000205086001500225100003200240245018900272260007100461300003100532410005500563501019200618650003600810650005500846700004800901e 52000029 DLC20260227111234.0791205s1952 dcua f000 0 eng c ae 52000029  a(OCoLC)5761297 aU.S. Office of Education LibrarycIPBdOCoLCdISSdDLC apremarc00aL111b.A614 no. 16 aLB2809.A2bB3850 aFS 5.30:161 aBeach, Fred Francis,d1905-14aThe personnel of state departments of education,cby Fred F. Beach and Andrew H. Gibbs, in cooperation with the Study Commission of the National Council of Chief State School Officers. a[Washington]bFederal Security Agency, Office of Educationc[1952] avi, 46 p.btables.c29 cm.20aU.S. Office of Education.tMisc[ellaneous]vno. 16 aL111.A614 with: Keystones of good staff relationships / Ellsworth Tompkins. Washington : Federal Security Agency, Office of Education, 1951. Bound together subsequent to publication.5DLC 0aState departments of education. 0aSchool management and organizationzUnited States.1 aGibbs, Andrew Harris,d1900-ejoint author.